000 00292nam a2200121 i 4500
001 bg
245 0 _aYear book of technical education and training for industry 1971.
260 _aLondon,
_c1971.
040 _cBPK
041 _apol
942 _cKS
008 s pl f |000 0 pol
999 _c7251
_d7251
856 _uhttp://koha.tu.koszalin.pl/cgi-bin/koha/opac-detail.pl?biblionumber=7251
_yKatalog online BPK